[Event "Ì17Ï"]
[Site "Loo"]
[Date "2017.04.26"]
[Round "7.32"]
[White "Ìàìîøèí, Îëåã."]
[Black "Ìóðòàçèí, Ðèôàò."]
[Result "1-0"]
[WhiteElo "1668"]
[BlackElo "1592"]
[PlyCount "66"]
[EventDate "2017.04.20"]

1. e4 c5 2. Nf3 d6 3. d4 cxd4 4. Nxd4 Nf6 5. Nc3 a6 6. Be3 e6 7. f3 Be7 8. Qd2
Qc7 9. O-O-O Nc6 10. g4 h6 11. h4 b5 12. Bd3 Nd7 13. Qf2 Bb7 14. Kb1 O-O-O 15.
g5 hxg5 16. hxg5 Nce5 17. Qe2 g6 18. f4 Nxd3 19. cxd3 Nc5 20. Rxh8 Rxh8 21. b4
Nd7 22. Rc1 Kb8 23. Ncxb5 Qd8 24. Na7 Qe8 25. Ndc6+ Ka8 26. Na5 Nc5 27. bxc5
dxc5 28. Qb2 Qb8 29. N7c6 Bxc6 30. Nxc6 Qd6 31. Qxh8+ Kb7 32. Nxe7 Qxd3+ 33.
Ka1 Qxe3 1-0

[Event "Ì17Ï"]
[Site "Loo"]
[Date "2017.04.26"]
[Round "7.33"]
[White "Ôîìè÷åâ, Èëüÿ."]
[Black "Ìóðàâüåâ, Ìàêñèì."]
[Result "1-0"]
[WhiteElo "1648"]
[BlackElo "1546"]
[PlyCount "87"]
[EventDate "2017.04.20"]

1. e4 e6 2. d4 d5 3. Nc3 Bb4 4. exd5 Qxd5 5. Nf3 Nf6 6. Bd2 Bxc3 7. Bxc3 Ne4 8.
Bd2 Nxd2 9. Qxd2 O-O 10. Bd3 Nd7 11. c4 Qd6 12. O-O Rd8 13. Qg5 Nf8 14. Rad1 f6
15. Qh5 Bd7 16. Be4 Be8 17. Qa5 c6 18. Rd2 Bg6 19. Bxg6 Nxg6 20. Rfd1 b6 21.
Qh5 Rac8 22. h3 Rc7 23. Qg4 Re7 24. h4 Nf8 25. h5 h6 26. Qe4 Qc7 27. Rd3 a6 28.
Nh4 c5 29. Ng6 Nxg6 30. hxg6 cxd4 31. Rxd4 Rxd4 32. Qxd4 Kf8 33. Qd8+ Qxd8 34.
Rxd8+ Re8 35. Rd6 b5 36. cxb5 axb5 37. Rb6 f5 38. Rxb5 Ra8 39. a3 Ke7 40. Rb4
Kf6 41. Rb6 f4 42. Kf1 Ke5 43. Ke2 Ra5 44. Kf3 {äàëåå çàïèñü íåðàçáîð~~èâà} 1-0

[Event "Ì17Ï"]
[Site "Loo"]
[Date "2017.04.26"]
[Round "7.34"]
[White "Öîïàíîâ, Ìèõàèë."]
[Black "Ôîøåíêî, Êèðèëë."]
[Result "0-1"]
[WhiteElo "1586"]
[BlackElo "1849"]
[PlyCount "98"]
[EventDate "2017.04.20"]

1. c4 e6 2. d4 f5 3. Nf3 Nf6 4. Nc3 g6 5. Bg5 Bg7 6. e3 O-O 7. Be2 d6 8. O-O
Nbd7 9. a3 e5 10. Rc1 c6 11. b4 Qc7 12. c5 dxc5 13. Bc4+ Kh8 14. dxe5 Nxe5 15.
Nxe5 Qxe5 16. Bf4 Qe8 17. Bd6 cxb4 18. Bxb4 a5 19. Bxf8 Qxf8 20. a4 Qc5 21.
Qd8+ Qf8 22. Rfd1 Bd7 23. Qxf8+ Rxf8 24. Rd3 Bc8 25. Rcd1 Nd7 26. Ne2 Ne5 27.
Rd8 Nxc4 28. Rxf8+ Bxf8 29. Rd8 Nb6 30. Rxf8+ Kg7 31. Rd8 Kf7 32. Nc3 Be6 33.
Rd1 Nd7 34. e4 Nc5 35. exf5 Bxf5 36. Rd4 Ke6 37. f3 Ke5 38. Rc4 Kd6 39. Ne4+
Bxe4 40. fxe4 b5 41. axb5 cxb5 42. Rd4+ Kc6 43. Kf2 a4 44. Ke3 a3 45. Rd1 Nb3
46. e5 a2 47. Rd6+ Kc7 48. Ra6 a1=Q 49. Rxa1 Nxa1 0-1

[Event "Ì17Ï"]
[Site "Loo"]
[Date "2017.04.26"]
[Round "7.35"]
[White "Äîáðûíèí, ßðîñëàâ."]
[Black "Ìóðàòîâ, Ìàêñèì."]
[Result "1-0"]
[WhiteElo "1662"]
[BlackElo "1581"]
[PlyCount "59"]
[EventDate "2017.04.20"]

1. e4 e5 2. Nf3 Nc6 3. d4 exd4 4. Nxd4 Nf6 5. Nc3 Bb4 6. Nxc6 bxc6 7. Bd3 O-O
8. O-O d5 9. exd5 cxd5 10. Bg5 c6 11. Qf3 Be7 12. Rfe1 Bg4 13. Qg3 Qd7 14. Rxe7
Qxe7 15. Qxg4 Rab8 16. Qh4 h6 17. Bxf6 Qxf6 18. Qxf6 gxf6 19. b3 Rfd8 20. Re1
Kf8 21. f3 c5 22. Na4 c4 23. Bf5 Rb4 24. Rd1 Ke7 25. Kf2 Kd6 26. c3 Rb5 27.
bxc4 Ra5 28. Bc2 Kc6 29. cxd5+ Rdxd5 30. Be4 1-0

[Event "Ì17Ï"]
[Site "Loo"]
[Date "2017.04.26"]
[Round "7.36"]
[White "Âàùåíêî, Ëåâ."]
[Black "Êóðáàíîâ, Íàðèìàí."]
[Result "1-0"]
[WhiteElo "1478"]
[BlackElo "1614"]
[PlyCount "73"]
[EventDate "2017.04.20"]

1. d4 Nf6 2. c4 g6 3. Nc3 d5 4. cxd5 Nxd5 5. e4 Nxc3 6. bxc3 Bg7 7. Nf3 c5 8.
Be3 Nc6 9. Rc1 O-O 10. Be2 Qa5 11. Qd2 Rd8 12. d5 Ne5 13. Nxe5 Bxe5 14. f4 Bg7
15. c4 Qc7 16. O-O Bd7 17. e5 Qc8 18. Bf3 Bf8 19. Rb1 b6 20. Qc2 Bf5 21. Be4
Bxe4 22. Qxe4 Qg4 23. Qf3 Qf5 24. Bf2 Bh6 25. Bg3 f6 26. Rbe1 Bg7 27. e6 Qc2
28. Qb3 Qf5 29. Re2 Qh5 30. Qf3 Qh6 31. f5 Bf8 32. Bf4 Qg7 33. Be3 Re8 34. Rb1
Rab8 35. a4 g5 36. g4 Red8 37. Reb2 1-0

[Event "Ì17Ï"]
[Site "Loo"]
[Date "2017.04.26"]
[Round "7.37"]
[White "Ëåîíîâ, Êèðèëë."]
[Black "Êóðèíîâ, Þðèé."]
[Result "1-0"]
[WhiteElo "1755"]
[BlackElo "1254"]
[PlyCount "39"]
[EventDate "2017.04.20"]

1. e4 c5 2. c3 Nf6 3. e5 Nd5 4. d4 cxd4 5. cxd4 Nc6 6. Nc3 Nb6 7. Nf3 d6 8. Bb5
g6 9. d5 a6 10. dxc6 axb5 11. cxb7 Bxb7 12. exd6 exd6 13. O-O b4 14. Re1+ Be7
15. Bg5 Nc8 16. Nd5 Bxd5 17. Qxd5 Ra5 18. Qd4 Rg8 19. Rac1 Rxg5 20. Nxg5 1-0

[Event "Ì17Ï"]
[Site "Loo"]
[Date "2017.04.26"]
[Round "7.38"]
[White "Øóøàêîâ, Àíäðåé."]
[Black "Êîêóåâ, Èëüÿ."]
[Result "1-0"]
[WhiteElo "1558"]
[BlackElo "1548"]
[PlyCount "41"]
[EventDate "2017.04.20"]

1. e4 e5 2. Nf3 Nc6 3. Bc4 Bc5 4. c3 Nf6 5. d3 a6 6. Bb3 Ba7 7. O-O h6 8. Re1
d6 9. Nbd2 O-O 10. Nf1 Ne7 11. Ng3 Ng6 12. d4 Bg4 13. Be3 Nh4 14. Kh1 Bxf3 15.
gxf3 Qd7 16. Rg1 Rfd8 17. Bxh6 Qh3 18. Bxg7 Kxg7 19. Nf5+ Kf8 20. Rg3 Nxe4 21.
fxe4 1-0

[Event "Ì17Â"]
[Site "Loo"]
[Date "2017.04.26"]
[Round "7.1"]
[White "Ýðãåøîâ, Òèìóð."]
[Black "Ãàéôóëëèí, Àðòóð."]
[Result "1/2-1/2"]
[WhiteElo "2326"]
[BlackElo "2395"]
[PlyCount "194"]
[EventDate "2017.04.20"]

1. d4 Nf6 2. c4 e6 3. Nc3 Bb4 4. Qc2 d5 5. a3 Bxc3+ 6. Qxc3 Ne4 7. Qc2 e5 8.
cxd5 Qxd5 9. f3 Nf6 10. dxe5 Qxe5 11. e4 Nc6 12. Ne2 O-O 13. Bf4 Qe7 14. Be3
Rd8 15. Nc3 Be6 16. Qf2 Ne5 17. Be2 Nc4 18. Bxc4 Bxc4 19. Ne2 Qe5 20. Bd4 Qa5+
21. Bc3 Qa6 22. Rc1 Nh5 23. Qc5 Bxe2 24. Qxh5 Rd6 25. Kf2 Bb5 26. Qc5 Rad8 27.
Rhe1 h6 28. Kg1 Rc6 29. Qf2 Ba4 30. Be5 Rd7 31. Rxc6 Qxc6 32. Qg3 f6 33. Bc3
Bb3 34. h3 Qe6 35. f4 Bc2 36. Qf3 Kh7 37. Kh2 c5 38. Qe2 Bd3 39. Qe3 b6 40. Rd1
c4 41. Re1 Re7 42. e5 f5 43. Qg3 Rd7 44. Rd1 a5 45. Qe3 Qc6 46. Rd2 Re7 47. Rf2
Be4 48. Rd2 Re6 49. Rd6 Rxd6 50. exd6 Qxd6 51. Be5 Qc6 52. Qg3 Qb7 53. Bc3 Qc7
54. Be5 Qe7 55. Bc3 Bd5 56. Qe1 Be4 57. Qg3 Qb7 58. Kh1 Qc7 59. Be5 Qe7 60. Bc3
Ba8 61. Kh2 Qb7 62. Qf2 Qc7 63. Be5 Qc6 64. Bc3 Qe4 65. Qg3 g6 66. Qf2 Bd5 67.
Qg3 Bb7 68. Kh1 Qe2 69. Kg1 Bd5 70. Qf2 Qe4 71. Qg3 Bb7 72. Kh2 Qc6 73. Qf2 Kg8
74. Qd2 Kf7 75. Kh1 Ba8 76. Kg1 Ke7 77. Kf1 Qe4 78. Bd4 b5 79. Bc5+ Ke8 80. Bb6
Bd5 81. Bxa5 Kd7 82. Bc3 Kc6 83. Kg1 Kb7 84. Qf2 Ka6 85. Bf6 Ba8 86. Bd8 Qc6
87. Qd2 Kb7 88. Ba5 Ka7 89. Bc3 Ka6 90. Be5 Qe4 91. Bf6 Bc6 92. Kh2 Kb7 93. Bg7
Qd5 94. Qf2 h5 95. Qg3 Qe4 96. Be5 Be8 97. Qg5 Ka6 1/2-1/2

[Event "Ì17Â"]
[Site "Loo"]
[Date "2017.04.26"]
[Round "7.2"]
[White "Ëîáàíîâ, Ñåðãåé."]
[Black "Êàðïåíêî, Àðòåì."]
[Result "1/2-1/2"]
[WhiteElo "2429"]
[BlackElo "2362"]
[PlyCount "127"]
[EventDate "2017.04.20"]

1. e4 e5 2. Nf3 Nc6 3. Bb5 a6 4. Ba4 Nf6 5. O-O Be7 6. Re1 b5 7. Bb3 d6 8. a4
b4 9. a5 O-O 10. c3 Rb8 11. Bc4 Nxe4 12. Bd5 Nxf2 13. Kxf2 Nxa5 14. Qa4 c6 15.
Qxa5 Qxa5 16. Rxa5 Bd8 17. Ra1 cxd5 18. d3 f5 19. g3 h6 20. h4 a5 21. h5 Bd7
22. Rh1 Bb5 23. d4 Bc7 24. Rd1 e4 25. Nh4 Be8 26. Ng6 Bxg6 27. hxg6 Rf6 28.
cxb4 axb4 29. Ra4 Rxg6 30. Bd2 Rf8 31. Rxb4 Ba5 32. Rb5 Bxd2 33. Nxd2 f4 34.
gxf4 Rxf4+ 35. Ke3 Rh4 36. Rxd5 Rg3+ 37. Kf2 Rd3 38. Rxd6 Rh2+ 39. Kg1 Rhxd2
40. Rxd2 Rxd2 41. b4 e3 42. Kf1 Rb2 43. Rb6 h5 44. d5 h4 45. Rb8+ Kh7 46. Re8
Rxb4 47. Rxe3 Rd4 48. Re5 Kh6 49. Kf2 g5 50. Ke3 Rd1 51. Ke2 Ra1 52. d6 Ra7 53.
Re7 Ra6 54. d7 Rd6 55. Kf3 Kh5 56. Rg7 Rd1 57. Ke2 Rd5 58. Kf3 Rd6 59. Re7 g4+
60. Kf4 h3 61. Rh7+ Kg6 62. Rh8 Rd4+ 63. Kg3 Rxd7 64. Kxg4 1/2-1/2

[Event "Ì17Â"]
[Site "Loo"]
[Date "2017.04.26"]
[Round "7.3"]
[White "Ñàëåìãàðååâ, Òàãèð."]
[Black "Àñòàôóðîâ, Àðñåíèé."]
[Result "1-0"]
[WhiteElo "2334"]
[BlackElo "2163"]
[PlyCount "101"]
[EventDate "2017.04.20"]

1. d4 Nf6 2. c4 g6 3. Nc3 d5 4. cxd5 Nxd5 5. e4 Nxc3 6. bxc3 Bg7 7. Bc4 c5 8.
Ne2 Nc6 9. Be3 O-O 10. O-O Qc7 11. Rc1 b6 12. Bf4 Qd7 13. dxc5 bxc5 14. Qxd7
Bxd7 15. Rfd1 Rfd8 16. Rd5 Be6 17. Rxc5 Bxc4 18. Rxc4 Ne5 19. Bxe5 Bxe5 20. Nd4
Kf8 21. Nc6 Bf4 22. Nxd8 Bxc1 23. Nc6 Ke8 24. Kf1 Kd7 25. Ke2 Kd6 26. Nd4 Rb8
27. Nb3 Bh6 28. Ra4 Rb7 29. Ra6+ Kc7 30. Kd3 Kb8 31. Ra4 Rc7 32. Rb4+ Ka8 33.
Rc4 Rd7+ 34. Rd4 Rc7 35. c4 Bg7 36. Rd8+ Kb7 37. c5 e6 38. Kc4 Bf6 39. Rd6 Be5
40. Rd1 Kc8 41. g3 h5 42. f4 Bf6 43. Na5 Bd8 44. Rd3 Be7 45. c6 a6 46. e5 Bd8
47. Kc5 h4 48. Nb7 Be7+ 49. Kb6 f6 50. exf6 Bxf6 51. Nd6+ 1-0

[Event "Ì17Â"]
[Site "Loo"]
[Date "2017.04.26"]
[Round "7.4"]
[White "Ìàëûøåâ, Ãðèãîðèé."]
[Black "Áûêîâ, Îëåã."]
[Result "0-1"]
[WhiteElo "2383"]
[BlackElo "2314"]
[PlyCount "96"]
[EventDate "2017.04.20"]

1. c4 Nf6 2. Nf3 g6 3. g3 Bg7 4. Bg2 O-O 5. O-O d6 6. d4 Nc6 7. Nc3 a6 8. Qd3
Bf5 9. e4 Bg4 10. d5 Bxf3 11. Qxf3 Nd4 12. Qd1 c5 13. dxc6 Nxc6 14. Be3 Nd7 15.
Rc1 Qa5 16. a3 Rfd8 17. Bd2 Qe5 18. b4 Qd4 19. Nd5 e6 20. Ne3 Qb2 21. Nc2 Nce5
22. Bg5 Bf6 23. Bxf6 Nxf6 24. Qd4 Qxd4 25. Nxd4 Rac8 26. Nb3 Rxc4 27. f4 Rxc1
28. Rxc1 Nc6 29. e5 dxe5 30. Bxc6 bxc6 31. fxe5 Ng4 32. Rxc6 Rd3 33. Nc5 Rxa3
34. Rxa6 Rxa6 35. Nxa6 Nxe5 36. Kf2 Kf8 37. Ke3 Ke7 38. Kd4 Kd6 39. b5 Nd7 40.
g4 f5 41. gxf5 gxf5 42. Nb4 e5+ 43. Kc4 Nb6+ 44. Kd3 Kc5 45. Nc6 e4+ 46. Ke2
Nd5 47. Kf2 f4 48. Na7 Nc3 0-1

[Event "Ì17Â"]
[Site "Loo"]
[Date "2017.04.26"]
[Round "7.5"]
[White "Âàñèë¸íîê, Àíòîí."]
[Black "Ôàõðóòäèíîâ, Òèìóð."]
[Result "0-1"]
[WhiteElo "2174"]
[BlackElo "2437"]
[PlyCount "114"]
[EventDate "2017.04.20"]

1. e4 e5 2. Nf3 Nc6 3. Bc4 Bc5 4. O-O Nf6 5. d3 d6 6. h3 a6 7. c3 Ba7 8. Bb3
O-O 9. Re1 Re8 10. Nbd2 h6 11. Nf1 Be6 12. Be3 Bxe3 13. Nxe3 d5 14. exd5 Nxd5
15. Nxd5 Bxd5 16. d4 e4 17. Nd2 f5 18. Nf1 Kh8 19. Ne3 Bxb3 20. Qxb3 Qd7 21.
Rad1 Ne7 22. Nc4 Ng6 23. Ne5 Nxe5 24. dxe5 Qb5 25. Qf7 Rf8 26. Qxc7 Rac8 27.
Qd7 Qxe5 28. Qxb7 Rb8 29. Qxa6 Rxb2 30. Re2 Rxe2 31. Qxe2 Qxc3 32. Rd5 Qc1+ 33.
Qd1 Qxd1+ 34. Rxd1 Ra8 35. Rd2 Kg8 36. Kf1 Kf7 37. Ke2 Ke6 38. Rb2 Ra6 39. g3
g5 40. Ke3 Ra3+ 41. Kd4 Rd3+ 42. Kc4 Rd6 43. a4 f4 44. gxf4 gxf4 45. Re2 Ke5
46. a5 Rd1 47. Ra2 e3 48. fxe3 fxe3 49. Kc3 Ke4 50. a6 Rc1+ 51. Kb3 Rc8 52. a7
Ra8 53. Kc2 Kf3 54. Kd1 h5 55. Ra3 Kf2 56. Ra2+ Kf1 57. Re2 Rd8+ 0-1

[Event "Ì17Â"]
[Site "Loo"]
[Date "2017.04.26"]
[Round "7.6"]
[White "Æèòíèêîâ, Êîíñòàíòèí."]
[Black "Ñóâîðîâ, Àëåêñàíäð."]
[Result "1-0"]
[WhiteElo "2262"]
[BlackElo "2107"]
[PlyCount "53"]
[EventDate "2017.04.20"]

1. e4 c5 2. Nf3 Nc6 3. c3 d5 4. exd5 Qxd5 5. d4 Bg4 6. Be2 cxd4 7. cxd4 e6 8.
Nc3 Qa5 9. O-O Nf6 10. h3 Bh5 11. Qb3 Qb4 12. Be3 Qxb3 13. axb3 Be7 14. g4 Bg6
15. Ne5 O-O 16. g5 Nd5 17. Nxd5 exd5 18. Rfc1 Nxe5 19. dxe5 d4 20. Bxd4 Bxg5
21. Rc7 Be4 22. e6 Bd5 23. Bc4 Bf4 24. Rd7 Bc6 25. Rxf7 Bh6 26. Bc5 b5 27.
Rxf8+ 1-0

[Event "Ì17Â"]
[Site "Loo"]
[Date "2017.04.26"]
[Round "7.7"]
[White "Ôàõðåòäèíîâ, Ðèíàò."]
[Black "Àáðàìîâ, Íèêèòà."]
[Result "0-1"]
[WhiteElo "2248"]
[BlackElo "2340"]
[PlyCount "142"]
[EventDate "2017.04.20"]

1. e4 c5 2. Nf3 d6 3. d4 cxd4 4. Qxd4 Nf6 5. Nc3 Nc6 6. Bb5 Bd7 7. Bxc6 Bxc6 8.
Bg5 e6 9. Bxf6 Qxf6 10. Qxf6 gxf6 11. Nd4 Rc8 12. O-O-O a6 13. Nxc6 Rxc6 14. f4
Rc5 15. Rd3 f5 16. Re1 Kd7 17. g3 Be7 18. exf5 Rxf5 19. Ne4 Kc7 20. Rc3+ Kb8
21. Rd3 d5 22. Nd2 h5 23. Nf3 Bf6 24. c3 h4 25. Kc2 hxg3 26. hxg3 Rh3 27. Rg1
Kc7 28. Re3 Be7 29. Rg2 Bc5 30. Re5 Rxe5 31. Nxe5 Rh7 32. Kd3 Kd6 33. b4 Ba7
34. c4 dxc4+ 35. Kxc4 f6 36. Rd2+ Kc7 37. Ng4 Rg7 38. Nxf6 Rxg3 39. Ne8+ Kc8
40. Nd6+ Kb8 41. b5 Rf3 42. bxa6 bxa6 43. Re2 Rxf4+ 44. Kb3 Rf3+ 45. Ka4 Bc5
46. Nc4 Rc3 47. Re4 Kb7 48. Rg4 Kc6 49. Na5+ Kd5 50. Rg5+ e5 51. Nb3 Rc2 52.
Nxc5 Rxc5 53. Rg8 a5 54. Rd8+ Kc4 55. Ka3 Kc3 56. Re8 Kd4 57. Rd8+ Ke3 58. Kb3
e4 59. a4 Ke2 60. Kb2 e3 61. Rh8 Kd2 62. Rd8+ Ke1 63. Rf8 e2 64. Rf7 Kd2 65.
Rd7+ Ke3 66. Re7+ Kd3 67. Re8 Rc4 68. Rd8+ Rd4 69. Re8 Kd2 70. Kb1 e1=Q+ 71.
Rxe1 Kxe1 0-1

[Event "Ì17Â"]
[Site "Loo"]
[Date "2017.04.26"]
[Round "7.8"]
[White "Ñàèäîâ, Áèëóõàæ."]
[Black "ßøìåòîâ, Ìèõàèë."]
[Result "1/2-1/2"]
[WhiteElo "2209"]
[BlackElo "2322"]
[PlyCount "157"]
[EventDate "2017.04.20"]

1. d4 Nf6 2. Bf4 c5 3. d5 b5 4. c4 bxc4 5. Nc3 d6 6. e4 g6 7. Bxc4 Bg7 8. Nf3
O-O 9. h3 Qb6 10. Qe2 Ba6 11. Rb1 Bxc4 12. Qxc4 Qb4 13. Nd2 Nbd7 14. O-O Rab8
15. Rfc1 Nh5 16. Be3 f5 17. exf5 gxf5 18. Bg5 Rf7 19. a3 Qxc4 20. Nxc4 h6 21.
Bd2 f4 22. Na5 Ne5 23. b4 cxb4 24. Rxb4 Rxb4 25. axb4 Nd3 26. Rb1 Bd4 27. Ne4
Ng3 28. Rb3 Nxe4 29. Rxd3 Bxf2+ 30. Kf1 Bb6 31. Nc6 f3 32. gxf3 Nxd2+ 33. Rxd2
Rxf3+ 34. Kg2 Re3 35. Rf2 Kg7 36. Rf4 e5 37. dxe6 Rxe6 38. b5 Re2+ 39. Kg3 Rb2
40. Ra4 Rxb5 41. Nxa7 Rb3+ 42. Kg2 Bc5 43. Nc6 h5 44. Nd4 Rb2+ 45. Kg3 Kf6 46.
Nf3 Rb3 47. Kf4 Be3+ 48. Ke4 Bc1 49. Ra8 Bh6 50. Nd4 Rxh3 51. Nb5 Re3+ 52. Kd4
Re1 53. Nxd6 Rd1+ 54. Kc5 h4 55. Ra4 h3 56. Rh4 Bf8 57. Rxh3 Bxd6+ 58. Kc4 Ke6
59. Rh8 Rc1+ 60. Kd3 Kd5 61. Rd8 Rh1 62. Ke2 Rh3 63. Kd2 Ke5 64. Kc2 Bc5 65.
Rd3 Rh8 66. Rd7 Bd4 67. Kd3 Rh3+ 68. Kc4 Rc3+ 69. Kb4 Rc8 70. Kb5 Ke4 71. Rd6
Kd3 72. Rd7 Rc5+ 73. Kb6 Rh5+ 74. Kc6 Kc4 75. Kd6 Rh6+ 76. Ke7 Kd3 77. Kd8 Rh8+
78. Kc7 Kc4 79. Kc6 1/2-1/2

[Event "Ì17Â"]
[Site "Loo"]
[Date "2017.04.26"]
[Round "7.9"]
[White "Ìíàöàêàíÿí, Àðñåí."]
[Black "Ìàð÷óê, Ðîñòèñëàâ."]
[Result "0-1"]
[WhiteElo "2274"]
[BlackElo "2187"]
[PlyCount "104"]
[EventDate "2017.04.20"]

1. Nf3 Nf6 2. g3 d5 3. Bg2 c6 4. O-O Bg4 5. d3 Nbd7 6. Nbd2 e6 7. h3 Bh5 8. e4
Bxf3 9. Qxf3 Be7 10. Qe2 O-O 11. Re1 a5 12. Nf1 a4 13. c3 Qa5 14. g4 h6 15. Ng3
dxe4 16. dxe4 a3 17. b4 Qc7 18. e5 Nd5 19. Bd2 N5b6 20. Nh5 c5 21. Rac1 Rfd8
22. Bf4 Nf8 23. Be4 Nd5 24. Bxd5 Rxd5 25. c4 Rd7 26. bxc5 Qxc5 27. Rb1 Rc8 28.
Rec1 Ng6 29. Bg3 b5 30. cxb5 Qxc1+ 31. Rxc1 Rxc1+ 32. Kg2 Rb1 33. Qc4 Rd8 34.
Nf4 Nxf4+ 35. Bxf4 Rd5 36. Qc8+ Bf8 37. Bc1 Rc5 38. Qa6 Rcxc1 39. h4 Rb2 40. g5
hxg5 41. hxg5 g6 42. b6 Rcb1 43. Qc4 Rxb6 44. Kg3 Rg1+ 45. Kh2 Rxg5 46. f4 Rb2+
47. Kh3 Rf5 48. Kg3 Rb4 49. Qc3 Rbxf4 50. Qc2 Rf3+ 51. Kg4 R5f4+ 52. Kg5 Be7+
0-1

[Event "Ì17Â"]
[Site "Loo"]
[Date "2017.04.26"]
[Round "7.10"]
[White "Ìåñíÿíêèí, Íèêèòà."]
[Black "Ðóäåíêî, Íàóì."]
[Result "1/2-1/2"]
[WhiteElo "2204"]
[BlackElo "2263"]
[PlyCount "81"]
[EventDate "2017.04.20"]

1. e4 e6 2. d4 d5 3. Nc3 Bb4 4. e5 c5 5. a3 Bxc3+ 6. bxc3 Ne7 7. Qg4 O-O 8. Bd3
Nbc6 9. Nf3 f5 10. exf6 Rxf6 11. Bg5 e5 12. Bxh7+ Kxh7 13. Qh5+ Kg8 14. Bxf6
gxf6 15. dxe5 Qf8 16. O-O Bf5 17. Rfe1 Qf7 18. Qh4 Rf8 19. exf6 Qxf6 20. Ng5
Qxc3 21. Rab1 b6 22. Re3 Qd4 23. Qg3 Qg7 24. Rbe1 d4 25. R3e2 c4 26. h4 d3 27.
cxd3 cxd3 28. Rd2 Nd4 29. Rxd3 Bxd3 30. Qxd3 Nef5 31. Ne6 Nxe6 32. Rxe6 Nxh4
33. Qd5 Qxg2+ 34. Qxg2+ Nxg2 35. Kxg2 Rf5 36. Re8+ Kf7 37. Re3 Ra5 38. f4 b5
39. Kf3 Ra4 40. Rb3 a5 41. Rd3 1/2-1/2

[Event "Ì17Â"]
[Site "Loo"]
[Date "2017.04.26"]
[Round "7.11"]
[White "Êîíîíîâ, Âëàäèñëàâ."]
[Black "Êàëàáóõîâ, Áîãäàí."]
[Result "1/2-1/2"]
[WhiteElo "2092"]
[BlackElo "2263"]
[PlyCount "126"]
[EventDate "2017.04.20"]

1. d4 d5 2. c4 e6 3. Nc3 c6 4. e4 dxe4 5. Nxe4 Bb4+ 6. Bd2 Qxd4 7. Bxb4 Qxe4+
8. Ne2 Nd7 9. Qd6 a5 10. Ba3 Qe5 11. O-O-O Qxd6 12. Bxd6 Nh6 13. Nc3 f6 14. Bd3
Nf7 15. Rhe1 Nde5 16. Bxe5 Nxe5 17. f4 Nf7 18. c5 e5 19. Bc4 Bg4 20. Rd2 Ke7
21. Bxf7 Kxf7 22. fxe5 Rhe8 23. h3 Bc8 24. Rde2 f5 25. Rf2 Ke7 26. Rd1 Be6 27.
Rd6 g6 28. a3 a4 29. Rf4 Ra5 30. Rb4 Bc8 31. Nxa4 Kf7 32. Nb6 Rxc5+ 33. Kb1 Be6
34. Nd7 Rd5 35. Rxb7 Re7 36. Rxd5 Bxd5 37. g3 c5 38. e6+ Rxe6 39. Rc7 Re7 40.
Ne5+ Ke6 41. Rxe7+ Kxe7 42. Kc1 g5 43. Kd2 Kd6 44. Nd3 c4 45. Ne1 Ke5 46. Ke3
f4+ 47. gxf4+ gxf4+ 48. Kf2 Ke4 49. Nc2 Be6 50. a4 Bxh3 51. Na3 Be6 52. a5 Bd5
53. a6 Kd3 54. a7 h5 55. Nb5 h4 56. Nc7 Bc6 57. Ne6 Ke4 58. Ng5+ Kd3 59. Ne6 f3
60. Ng5 Kc2 61. Nxf3 Kxb2 62. Ne5 Bd5 63. Nxc4+ Kc3 1/2-1/2

[Event "Ì17Â"]
[Site "Loo"]
[Date "2017.04.26"]
[Round "7.12"]
[White "Áîãäàíîâ, Íèêèòà."]
[Black "Ñåëèâàíîâ, Èâàí."]
[Result "1-0"]
[WhiteElo "2073"]
[BlackElo "2259"]
[PlyCount "79"]
[EventDate "2017.04.20"]

1. e4 c5 2. Nf3 d6 3. d4 cxd4 4. Nxd4 Nf6 5. Nc3 a6 6. Nb3 Nc6 7. Be3 e6 8. g4
b5 9. Bg2 Nd7 10. Qd2 Be7 11. O-O-O b4 12. Na4 Qc7 13. f4 a5 14. Qf2 Rb8 15. g5
Ba6 16. Bf1 Bxf1 17. Qxf1 O-O 18. h4 Nd8 19. Nd4 Nc5 20. Nxc5 dxc5 21. Qc4 Nb7
22. Nxe6 Qc6 23. Nxf8 Bxf8 24. e5 a4 25. Qd5 Qa6 26. h5 b3 27. cxb3 axb3 28.
Qxb3 Ra8 29. Rd7 Nd8 30. Qd5 Ne6 31. f5 Qe2 32. Qxa8 Qxe3+ 33. Kb1 Nd4 34. Rxd4
cxd4 35. Qg2 Qxe5 36. Qf3 Bc5 37. Rc1 Kf8 38. f6 Kg8 39. Qa8+ Bf8 40. Qxf8+ 1-0

[Event "Ì17Â"]
[Site "Loo"]
[Date "2017.04.26"]
[Round "7.13"]
[White "Ãàñàíîâ, Çàóð."]
[Black "Ñìîð÷êîâ, Äàíèë."]
[Result "1-0"]
[WhiteElo "2264"]
[BlackElo "2151"]
[PlyCount "59"]
[EventDate "2017.04.20"]

1. d4 Nf6 2. c4 e6 3. g3 d5 4. Bg2 dxc4 5. Nf3 a6 6. O-O Nc6 7. e3 Rb8 8. Nfd2
Be7 9. Nxc4 O-O 10. Qe2 Na7 11. Rd1 b5 12. Ncd2 Bb7 13. Nb3 Bxg2 14. Kxg2 Qd7
15. e4 Rfd8 16. Bf4 Rbc8 17. N1d2 Qc6 18. Rac1 Qb6 19. Be3 Qb7 20. f3 Nc6 21.
Nb1 h6 22. a3 Bf8 23. Qc2 Nb8 24. Na5 Qa7 25. Bf2 c5 26. dxc5 Rxd1 27. Rxd1
Bxc5 28. b4 Bxf2 29. Qxc8+ Kh7 30. Qc2 1-0

[Event "Ì17Â"]
[Site "Loo"]
[Date "2017.04.26"]
[Round "7.14"]
[White "Ïàâëîâ, Äàíèëà."]
[Black "Çàé÷èêîâ, Àíäðåé."]
[Result "0-1"]
[WhiteElo "2253"]
[BlackElo "2120"]
[PlyCount "80"]
[EventDate "2017.04.20"]

1. e4 e5 2. Nf3 Nc6 3. Bb5 Nge7 4. c3 g6 5. d4 exd4 6. cxd4 d5 7. e5 Bg7 8. O-O
O-O 9. b3 Bg4 10. h3 Bxf3 11. gxf3 Nxe5 12. Ba3 Nd7 13. Re1 Re8 14. Nc3 c6 15.
Bf1 Qa5 16. Bb2 Nf5 17. Ne2 Nf8 18. Bc3 Qd8 19. Qd3 Ne6 20. Red1 Qg5+ 21. Kh1
Qh4 22. Kg1 Nf4 23. Nxf4 Qxf4 24. Bg2 Bxd4 25. Bxd4 Nxd4 26. Qxd4 Re1+ 27. Rxe1
Qxd4 28. Red1 Qf6 29. Rab1 Re8 30. Rd2 Qf4 31. Rc2 Re5 32. Rd1 d4 33. Rc4 c5
34. b4 b6 35. bxc5 bxc5 36. Ra4 Re2 37. Rc4 Qe5 38. Bf1 Re1 39. Rcc1 Qg5+ 40.
Kh2 Qxc1 0-1

[Event "Ì17Â"]
[Site "Loo"]
[Date "2017.04.26"]
[Round "7.15"]
[White "Ãåéâîíäÿí, Àðñåí."]
[Black "Øàíäðûãèí, Íèêèòà."]
[Result "0-1"]
[WhiteElo "1945"]
[BlackElo "2222"]
[PlyCount "72"]
[EventDate "2017.04.20"]

1. g3 Nf6 2. Bg2 d5 3. Nf3 g6 4. O-O Bg7 5. d4 O-O 6. c3 c6 7. Re1 Ne4 8. Ng5
Nd6 9. Nd2 Nd7 10. Nh3 e5 11. dxe5 Nxe5 12. Nf4 Bf5 13. Nf3 Nxf3+ 14. Bxf3 Re8
15. Nd3 Nc4 16. a4 Qf6 17. Nc5 Qe7 18. Nb3 Be4 19. Nd2 Rad8 20. Qb3 Na5 21. Qd1
c5 22. Bg2 Bxg2 23. Kxg2 d4 24. cxd4 Rxd4 25. Qc2 Red8 26. Ra3 h6 27. h4 b6 28.
Rc3 Nc6 29. h5 g5 30. Nc4 Nb4 31. Qb3 Qe6 32. Na3 Nc6 33. Qxe6 fxe6 34. Nb5
Rxa4 35. Nc7 Nd4 36. Rd1 Rc8 0-1

[Event "Ì17Â"]
[Site "Loo"]
[Date "2017.04.26"]
[Round "7.16"]
[White "Ãðèãîðüåâ, Èëüÿ."]
[Black "Ãóðüÿíîâ, Äàíèë."]
[Result "1-0"]
[WhiteElo "2309"]
[BlackElo "2116"]
[PlyCount "67"]
[EventDate "2017.04.20"]

1. b3 e5 2. Bb2 Nc6 3. e3 Nf6 4. Bb5 Bd6 5. Na3 a6 6. Bxc6 dxc6 7. Nc4 Qe7 8.
Ne2 O-O 9. O-O b5 10. Nxd6 cxd6 11. f4 c5 12. Qe1 Bb7 13. Ng3 Qe6 14. fxe5 dxe5
15. Nf5 Be4 16. Nxg7 Qg4 17. Qf2 Qg5 18. h4 Qg6 19. Nf5 Rae8 20. h5 Qxh5 21.
Qg3+ Qg6 22. Qxg6+ fxg6 23. Nd6 Re7 24. Rxf6 Rxf6 25. Nxe4 Rc6 26. a4 b4 27. d3
h5 28. Ng5 Kg7 29. Rf1 Rc8 30. Rf4 Rf8 31. Re4 Rf5 32. Nf3 Kf6 33. Rc4 Kf7 34.
e4 1-0

[Event "Ì17Â"]
[Site "Loo"]
[Date "2017.04.26"]
[Round "7.17"]
[White "Ìåñòíèêîâ, Àéòàë."]
[Black "Çàõàðîâ, Íèêîëàé."]
[Result "1/2-1/2"]
[WhiteElo "2163"]
[BlackElo "1968"]
[PlyCount "83"]
[EventDate "2017.04.20"]

1. e4 c5 2. Nf3 d6 3. d4 cxd4 4. Nxd4 Nf6 5. Nc3 a6 6. Be3 e6 7. g4 h6 8. f3 b5
9. Qd2 Nbd7 10. h4 b4 11. Nce2 d5 12. Bg2 Bb7 13. g5 hxg5 14. hxg5 Rxh1+ 15.
Bxh1 Nh5 16. exd5 Bxd5 17. O-O-O Qa5 18. Nb3 Qc7 19. f4 Bxh1 20. Rxh1 g6 21.
Ned4 Qb7 22. Re1 a5 23. f5 gxf5 24. Nxf5 a4 25. Nbd4 b3 26. a3 bxc2 27. g6 Bxa3
28. gxf7+ Kxf7 29. Nh6+ Ke8 30. Nxc2 Qxb2+ 31. Kd1 Ng3 32. Nxa3 Qxa3 33. Bd4
Qb3+ 34. Qc2 Qxc2+ 35. Kxc2 Ke7 36. Re3 Nh5 37. Nf5+ Kf7 38. Nd6+ Ke7 39. Nf5+
Kf7 40. Nd6+ Ke7 41. Nf5+ Kf7 42. Nd6+ 1/2-1/2

[Event "Ì17Â"]
[Site "Loo"]
[Date "2017.04.26"]
[Round "7.18"]
[White "Ñàêóëî, Äåíèñ."]
[Black "Ëåîíîâ, Îëåã."]
[Result "1-0"]
[WhiteElo "2147"]
[BlackElo "1835"]
[PlyCount "120"]
[EventDate "2017.04.20"]

1. Nf3 Nf6 2. c4 g6 3. Nc3 Bg7 4. e4 d6 5. d4 O-O 6. Be2 e5 7. O-O Nc6 8. d5
Ne7 9. Ne1 Nd7 10. Nd3 b6 11. Bd2 Nc5 12. b4 Nxd3 13. Bxd3 f5 14. f3 f4 15. c5
g5 16. cxd6 cxd6 17. Rc1 a6 18. Be2 Rf6 19. Qc2 Rh6 20. Nd1 Qe8 21. Nf2 Bf8 22.
Qc7 b5 23. h3 Rf6 24. Be1 Ng6 25. Nd3 Rf7 26. Qb6 Bd7 27. Bf2 Rb8 28. Qa5 h5
29. Bb6 Ra8 30. Bc7 Nh4 31. Nf2 Rg7 32. Qb6 Qg6 33. Bb8 g4 34. fxg4 hxg4 35.
Bxg4 Bxg4 36. Nxg4 Kh8 37. Qd8 Rxb8 38. Qxh4+ Rh7 39. Qf6+ Qxf6 40. Nxf6 Rf7
41. Ng4 a5 42. bxa5 Ra7 43. Rf2 Rxa5 44. Rc7 Rba8 45. Rfc2 R5a7 46. h4 Rxc7 47.
Rxc7 b4 48. h5 Bg7 49. h6 Bxh6 50. Nxh6 Rxa2 51. Rb7 Rb2 52. Nf5 Rb1+ 53. Kh2
Rb2 54. Kh3 Rb3+ 55. Kh4 Rb2 56. Kh3 Rb3+ 57. Kg4 Rb2 58. Nh4 b3 59. Kg5 Kg8
60. Kf6 f3 1-0